000 01017nam a2200229 i 4500
001 156379
003 ES-MaACL
005 20260201063016.0
008 040728s1862 fr abe |||| | fre d
040 _aCAM
_bspa
_cCAM
100 1 _aJoanne, Adolphe,
_d1823-1881
_966678
245 1 0 _aItinéraire descriptif et historique de l'Allemagne
_b: Allemagne du Nord : avec une carte routière générale, quatorze cartes spéciales et treize plans de villes /
_cpar Adolphe Joanne.
250 _a2éme éd. ref.
260 _aParis :
_bLibrairie L. Hachette et C.,
_c1862 (
_fImprimé chez Bonaventure et Ducessois)
300 _a[2], CXI, 717 p., [15] h. maps., [13] h. plans. ;
_c18 cm.
490 1 _aCollection des Guides-Joanne
651 4 _aAlemania-
_xDescripción.
_97657
830 0 _aCollection des Guides-Joanne
_9188069
852 _aES-MaACL
_jG-10552
_z-- Enc. ed. en tela con hierros dorados
_z-- Legado Calderón
852 _aES-MaACL
_jC-260
_z-- Enc. ed. en tela
999 _c156379
_d156379